<?xml version="1.0" encoding="UTF-8"?>
<record
    xmlns:xsi="http://www.w3.org/2001/XMLSchema-instance"
    xsi:schemaLocation="http://www.loc.gov/MARC21/slim http://www.loc.gov/standards/marcxml/schema/MARC21slim.xsd"
    xmlns="http://www.loc.gov/MARC21/slim">

  <leader>01968aam a22003251a 4500</leader>
  <controlfield tag="001">99936595002419</controlfield>
  <controlfield tag="003">CBULib</controlfield>
  <controlfield tag="005">20240821125704.0</controlfield>
  <controlfield tag="008">240821b        |||||||| |||| 00| 0 eng d</controlfield>
  <datafield tag="010" ind1=" " ind2=" ">
    <subfield code="a">0723434751</subfield>
  </datafield>
  <datafield tag="010" ind1=" " ind2=" ">
    <subfield code="a">9780723434757</subfield>
  </datafield>
  <datafield tag="010" ind1=" " ind2=" ">
    <subfield code="a">9780723437123</subfield>
  </datafield>
  <datafield tag="010" ind1=" " ind2=" ">
    <subfield code="a">0723437122</subfield>
  </datafield>
  <datafield tag="035" ind1=" " ind2=" ">
    <subfield code="a">(WlAbNL)(Uk)ark:/81055/vdc_100052492460.0x000001</subfield>
  </datafield>
  <datafield tag="035" ind1=" " ind2=" ">
    <subfield code="a">(WlAbNL)(Uk)018653772</subfield>
  </datafield>
  <datafield tag="040" ind1=" " ind2=" ">
    <subfield code="c">CBULib</subfield>
  </datafield>
  <datafield tag="100" ind1=" " ind2=" ">
    <subfield code="a">20080611d2008      uy         0</subfield>
  </datafield>
  <datafield tag="210" ind1=" " ind2=" ">
    <subfield code="a">Edinburgh </subfield>
  </datafield>
  <datafield tag="245" ind1=" " ind2=" ">
    <subfield code="a">surgery </subfield>
    <subfield code="b">: crash course</subfield>
  </datafield>
  <datafield tag="300" ind1=" " ind2=" ">
    <subfield code="a">Revised edition of: Surgery / Helen Sweetland, Kevin Conway. 2nd ed. 2004.</subfield>
  </datafield>
  <datafield tag="300" ind1=" " ind2=" ">
    <subfield code="a">Includes index.</subfield>
  </datafield>
  <datafield tag="300" ind1=" " ind2=" ">
    <subfield code="a">Formerly CIP.</subfield>
  </datafield>
  <datafield tag="300" ind1=" " ind2=" ">
    <subfield code="a">I. The Patient Presents With Acute Abdominal Pain Dyspepsia Vomiting, Haematemesis and Melaena Change in Bowel Habit Abdominal Mass and Distension Rectal Bleeding Anorectal Pain Jaundice Dysphagia Breast Lump Neck Lump Ischaemic Limb Leg Ulcer Groin Swelling Scrotal Swelling Haematuria Urinary Difficulty Skin Lesion Anaemia Abdominal Pain in Children II. Diseases and Disorders Oesophageal Disorders Gastric and Duodenal Disorders Disorders of the Small Intestine Colonic Disorders Anorectal Disorders Hepatobiliary Disorders Gynaecological Disorders Abdominal Hernias Thyroid and Parathyroid Disorders Neck Swellings Breast Disorders Vascular Disorders Urological Disorders Skin Lesions Soft Tissue Disorders Trauma Postoperative Care and Complications Principles of Cancer Management III. History, Examination and Common Investigations Clerking a Surgical Patient Examination of a Surgical Patient Writing up a Surgical Clerking Investigation of a Surgical Patient Introduction to the operating theatre IV. Self-assessment MCQs, EMQs, SAQs Index.</subfield>
  </datafield>
  <datafield tag="410" ind1=" " ind2="0">
    <subfield code="a">Crash course</subfield>
  </datafield>
  <datafield tag="517" ind1="3" ind2=" ">
    <subfield code="a">Crash Course</subfield>
  </datafield>
  <datafield tag="700" ind1=" " ind2=" ">
    <subfield code="a">Kontoyannis</subfield>
    <subfield code="b"> Angeliki</subfield>
  </datafield>
  <datafield tag="942" ind1=" " ind2=" ">
    <subfield code="2">lcc</subfield>
    <subfield code="c">002</subfield>
    <subfield code="n">0</subfield>
  </datafield>
  <datafield tag="981" ind1=" " ind2=" ">
    <subfield code="a">LD-Ebook</subfield>
  </datafield>
  <datafield tag="999" ind1=" " ind2=" ">
    <subfield code="c">85208</subfield>
    <subfield code="d">85208</subfield>
  </datafield>
  <datafield tag="952" ind1=" " ind2=" ">
    <subfield code="0">0</subfield>
    <subfield code="1">0</subfield>
    <subfield code="2">lcc</subfield>
    <subfield code="4">0</subfield>
    <subfield code="7">0</subfield>
    <subfield code="a">002</subfield>
    <subfield code="b">002</subfield>
    <subfield code="c">SOM</subfield>
    <subfield code="d">2024-08-21</subfield>
    <subfield code="l">3</subfield>
    <subfield code="m">3</subfield>
    <subfield code="o">RD 37.2 Kon</subfield>
    <subfield code="p">902834</subfield>
    <subfield code="r">2025-08-14</subfield>
    <subfield code="s">2025-07-16</subfield>
    <subfield code="w">2024-08-21</subfield>
    <subfield code="y">002</subfield>
  </datafield>
  <datafield tag="952" ind1=" " ind2=" ">
    <subfield code="0">0</subfield>
    <subfield code="1">0</subfield>
    <subfield code="2">lcc</subfield>
    <subfield code="4">0</subfield>
    <subfield code="7">0</subfield>
    <subfield code="a">002</subfield>
    <subfield code="b">002</subfield>
    <subfield code="d">2025-04-15</subfield>
    <subfield code="l">2</subfield>
    <subfield code="p">901929</subfield>
    <subfield code="r">2025-11-17</subfield>
    <subfield code="s">2025-10-08</subfield>
    <subfield code="w">2025-04-15</subfield>
    <subfield code="y">002</subfield>
  </datafield>
</record>
